| 000 | 00531nam a2200181Ia 4500 | ||
|---|---|---|---|
| 005 | 20250423095939.0 | ||
| 008 | 250422s9999 xx 000 0 und d | ||
| 020 | _a9782236489 | ||
| 050 | _aKP 103 .A2/ | ||
| 100 | _aAbugu, Uwakwe | ||
| 245 | 0 | _aLand use and reform in Nigeria : law and practice | |
| 260 | _aAbuja | ||
| 260 | _bImmaculate Prints | ||
| 260 | _c2012 | ||
| 300 | _a317 p | ||
| 650 | _aLand tenure--Government policy--Nigeria. Land use, Rural--Government policy--Nigeria. Land reform--Nigeria. | ||
| 942 | _cBK | ||
| 999 |
_c31821 _d31821 |
||